| 000 | 00974namaa2200289 a 4500 | ||
|---|---|---|---|
| 001 | vtls001232804 | ||
| 003 | NLI | ||
| 005 | 20210603150250.0 | ||
| 008 | 120330s1978 dcu i000 0 eng | ||
| 039 | 9 |
_y201203302034 _zVLOAD |
|
| 040 |
_aNLI _cVTLS-2012_FOD _eAACR2 |
||
| 041 | 0 | _aeng | |
| 044 | _adcu | ||
| 082 | 0 | 4 | _a368.1 |
| 110 | 1 |
_aUnited States. _bDepartment of Housing and Urban Development _9890 |
|
| 245 | 1 | 0 |
_aFHA Title I Property Improvement Loan Insurance : _ba guide for financial institutions and public rehabilitation officials |
| 260 |
_aWashington : _bUnited States Government Printing Office, _c1978 |
||
| 300 |
_a19 p. : _c26 cm. |
||
| 500 | _atitle from the cover | ||
| 650 | 0 |
_aWindstorm insurance _zUnited States _9621931 |
|
| 650 | 0 |
_aInsurance, Property _zUnited States _9621932 |
|
| 887 | _a | ||
| 901 |
_aAD 141724 _b28.10.2010 |
||
| 902 | _aU.S 368.1 Us 3 | ||
| 942 |
_2ddc _cBKS |
||
| 949 |
_AVIRTUAITEM _D10000 _X100 _6ADX000141724ENG |
||
| 999 |
_c458917 _d458917 |
||